000
00308 a2200133 4500
001
153824
040
_c
Escola São Tomás de Aquino
240
1
0
_a
As aventuras da ratinha
_l
por
245
1
0
_a
As aventuras da ratinha
362
0
_a
1987
440
1
_a
Scipione
697
_a
*LITERATURA INFANTIL
942
_c
BK
999
_c
153824
_d
153824